[Event "Dutch Open 2014"]
[Site "Dieren NED"]
[Date "2014.07.22"]
[Round "1.26"]
[White "Bollen, Guus"]
[Black "Heemskerk, Wim"]
[Result "1-0"]
[BlackTitle "FM"]
[WhiteElo "2011"]
[BlackElo "2247"]
[WhiteFideId "1027883"]
[BlackFideId "1001000"]
[EventDate "2014.07.22"]

1. e4 e6 2. d4 d5 3. exd5 exd5 4. c4 Nf6 5. Nc3 Nc6 6. Nf3 Be7 7. cxd5 Nxd5 8.
Bd3 O-O 9. O-O Be6 10. Re1 Bf6 11. Ne4 h6 12. Nxf6+ Qxf6 13. Be3 Rad8 14. h3
Ncb4 15. Bb1 Bf5 16. Qb3 Bxb1 17. Raxb1 Rd6 18. Ne5 Nc6 19. Nxc6 bxc6 20. Rbd1
Re8 21. Bd2 Rde6 22. Rxe6 Rxe6 23. Qd3 Qe7 24. Rc1 Qd6 25. a3 Nf6 26. Be3 Ne4
27. Qa6 f5 28. d5 Qxd5 29. Bxa7 Kh7 30. Be3 Rg6 31. Qc4 Qe5 32. Qd4 Qe6 33. Bf4
Qb3 34. Be3 c5 35. Qe5 Qf7 36. Bxc5 Nd2 37. Kh2 f4 38. Bb4 Qd7 39. Qxf4 Qd5 40.
f3 Nb3 41. Rxc7 Nd4 42. Rc5 Qd8 43. Qe4 Ne6 44. Re5 Ng5 45. Qf5 Qd4 46. Re2 Qc4
47. Rc2 Qf1 48. h4 Nh3 49. Qxh3 1-0

[Event "Dutch Open 2014"]
[Site "Dieren NED"]
[Date "2014.07.22"]
[Round "1.27"]
[White "Offringa, Joost"]
[Black "Dijkhuis, Sven"]
[Result "1-0"]
[WhiteElo "2241"]
[BlackElo "1988"]
[WhiteFideId "1025880"]
[BlackFideId "1036556"]
[EventDate "2014.07.22"]

1. c4 e5 2. Nc3 Nc6 3. Nf3 Bc5 4. e3 d6 5. d4 exd4 6. exd4 Bb6 7. Be2 Nge7 8. b4
a5 9. b5 Nb8 10. O-O Nd7 11. Bg5 f6 12. Be3 O-O 13. Bd3 f5 14. Ne2 Nf6 15. Nf4
d5 16. c5 Ba7 17. Ne5 c6 18. bxc6 bxc6 19. Qa4 Qc7 20. h4 Ne4 21. Nf3 h6 22. h5
Bb8 23. Rac1 Qd8 24. Ne5 Qe8 25. Rfe1 Bxe5 26. dxe5 g5 27. hxg6 Nxg6 28. Nxg6
Qxg6 29. f3 Ng3 30. Qh4 Nh5 31. Kf2 Bd7 32. Rh1 Be8 33. g4 Ng7 34. Bxh6 Rb8 35.
Bxg7 Qxg7 36. gxf5 Rb2+ 37. Rc2 Rb4 38. Qh3 Kf7 39. f6 1-0

[Event "Dutch Open 2014"]
[Site "Dieren NED"]
[Date "2014.07.22"]
[Round "1.28"]
[White "Halfhide, Sebastian"]
[Black "Wilgenhof, Otto"]
[Result "0-1"]
[WhiteElo "1979"]
[BlackElo "2217"]
[WhiteFideId "1045946"]
[BlackFideId "1002589"]
[EventDate "2014.07.22"]

1. e4 e6 2. d4 d5 3. Nd2 Nf6 4. e5 Nfd7 5. Bd3 c5 6. c3 Nc6 7. Ndf3 cxd4 8. cxd4
f6 9. exf6 Nxf6 10. Ne2 Bd6 11. O-O Qc7 12. Bg5 O-O 13. Bh4 Nh5 14. Qc2 h6 15.
Bg6 Rxf3 16. Bxh5 Rf8 17. Bg3 Bxg3 18. hxg3 Bd7 19. Nf4 Rxf4 20. gxf4 Qxf4 21.
Rad1 Nxd4 22. Qd2 Qxd2 23. Rxd2 Nc6 24. f4 Rf8 25. f5 exf5 26. Bf3 d4 27. Bd5+
Kh7 28. Bxc6 Bxc6 29. Rxd4 g5 30. Re1 Rf6 31. Red1 f4 32. Rd6 Rf7 33. Re1 Bd7
34. Kf2 h5 35. Re5 Bf5 36. Rdd5 Kg6 37. Rd6+ Rf6 38. Rxf6+ Kxf6 39. Ra5 a6 40.
Kf3 h4 41. Rc5 Be6 42. a4 Kg6 43. Re5 Bb3 44. a5 Kh5 45. Rc5 Bd1+ 46. Kf2 Ba4
47. Re5 Bc6 48. Rc5 Kg6 49. Re5 g4 50. Rc5 g3+ 51. Kg1 f3 52. gxf3 h3 0-1

[Event "Dutch Open 2014"]
[Site "Dieren NED"]
[Date "2014.07.23"]
[Round "2.1"]
[White "Von Meijenfeldt, Bart"]
[Black "L'Ami, Erwin"]
[Result "0-1"]
[BlackTitle "GM"]
[WhiteElo "2331"]
[BlackElo "2650"]
[WhiteFideId "1032259"]
[BlackFideId "1007998"]
[EventDate "2014.07.22"]

1. e4 e5 2. Nf3 Nc6 3. d4 exd4 4. Nxd4 Bc5 5. Nb3 Bb6 6. Nc3 Nf6 7. Qe2 O-O 8.
Bg5 Nd4 9. Qd2 Nxb3 10. cxb3 h6 11. Bh4 Nxe4 12. Bxd8 Nxd2 13. Bxc7 Nxb3 14.
Bxb6 Nxa1 15. Bc7 Nc2+ 16. Kd2 Nd4 17. Bd6 b6 18. Nb5 Nxb5 19. Bxf8 Kxf8 20.
Bxb5 Bb7 21. Rc1 Bxg2 22. Rc7 Bc6 23. Bxc6 dxc6 24. Kc3 c5 25. a4 g5 26. Kc4 g4
27. a5 bxa5 28. Rxc5 Rb8 29. Kc3 Kg7 30. Rxa5 Rb7 31. f3 gxf3 32. Rf5 Kg6 33.
Rxf3 f5 34. h4 Re7 35. b4 Re4 36. Rf1 f4 37. b5 Kf5 38. Ra1 Re7 39. Rg1 f3 40.
Rg8 Kf4 41. Kd2 f2 0-1

[Event "Dutch Open 2014"]
[Site "Dieren NED"]
[Date "2014.07.23"]
[Round "2.2"]
[White "Ikonnikov, Vyacheslav"]
[Black "Saravanan, V."]
[Result "1-0"]
[WhiteTitle "GM"]
[BlackTitle "IM"]
[WhiteElo "2556"]
[BlackElo "2320"]
[WhiteFideId "4100972"]
[BlackFideId "5000580"]
[EventDate "2014.07.22"]

1. d4 Nf6 2. Nf3 g6 3. c4 Bg7 4. Nc3 O-O 5. e4 d6 6. Be2 e5 7. d5 a5 8. Bg5 h6
9. Bh4 Na6 10. Nd2 Qe8 11. O-O Nh7 12. a3 Bd7 13. b3 h5 14. f3 Bh6 15. Rb1 Be3+
16. Kh1 Bc5 17. Qc1 f6 18. Na2 g5 19. Be1 g4 20. b4 axb4 21. axb4 Bd4 22. Nb3 f5
23. Nxd4 exd4 24. Qd2 fxe4 25. fxe4 Qxe4 26. Bh4 Bf5 27. Rbe1 d3 28. Rf4 Nc5 29.
Rxe4 Nxe4 30. Qb2 dxe2 31. Rxe2 Rae8 32. Kg1 Rf7 33. Nc3 Ref8 34. Nxe4 Bxe4 35.
Rf2 Ng5 36. Qd2 Nh7 37. Qh6 Rf5 38. Qe6+ 1-0

[Event "Dutch Open 2014"]
[Site "Dieren NED"]
[Date "2014.07.23"]
[Round "2.3"]
[White "Sowray, Peter J"]
[Black "Ernst, Sipke"]
[Result "0-1"]
[WhiteTitle "FM"]
[BlackTitle "GM"]
[WhiteElo "2325"]
[BlackElo "2554"]
[WhiteFideId "400971"]
[BlackFideId "1004689"]
[EventDate "2014.07.22"]

1. d4 d5 2. c4 c6 3. Nf3 Nf6 4. Nc3 dxc4 5. a4 e6 6. e4 Bb4 7. e5 Nd5 8. Bd2 b5
9. Ne4 Be7 10. b3 cxb3 11. axb5 b2 12. Ra2 cxb5 13. Bxb5+ Bd7 14. Rxb2 Bxb5 15.
Rxb5 Nc6 16. O-O Qd7 17. Qb1 Nb6 18. Nc5 Bxc5 19. dxc5 Nc4 20. Bc1 O-O 21. Ng5
g6 22. Qe4 N4xe5 23. Bb2 f6 24. Rb1 Rab8 25. Rxb8 Rxb8 26. Bxe5 Rxb1+ 27. Qxb1
Nxe5 28. Qb8+ Kg7 29. Qc7 Kf8 30. Qxd7 Nxd7 31. Nxe6+ Ke7 32. Nd4 a6 33. c6 Nc5
34. Kf1 Ne6 35. Nb3 Kd6 36. Na5 Nd4 37. Ke1 Nxc6 38. Nb7+ Kd5 39. Kd2 h5 40. h3
g5 41. Kd3 Ne5+ 42. Ke3 Nc4+ 43. Kd3 h4 44. Nd8 Nd6 0-1

[Event "Dutch Open 2014"]
[Site "Dieren NED"]
[Date "2014.07.23"]
[Round "2.4"]
[White "Horvath, Csaba"]
[Black "Kolbus, Dietmar"]
[Result "0-1"]
[WhiteTitle "GM"]
[BlackTitle "IM"]
[WhiteElo "2542"]
[BlackElo "2303"]
[WhiteFideId "700118"]
[BlackFideId "4610628"]
[EventDate "2014.07.22"]

1. e4 e5 2. Nf3 Nf6 3. d4 Nxe4 4. Bd3 d5 5. Nxe5 Be6 6. O-O Nd7 7. Bxe4 dxe4 8.
Nc3 f5 9. Bf4 Bd6 10. Qh5+ g6 11. Qh3 Bxe5 12. dxe5 Qe7 13. Nb5 Nb6 14. b3 Kf7
15. Qh6 a6 16. Bg5 Qc5 17. Bf6 Rag8 18. Nd4 Qxd4 19. Rad1 Qc5 20. Rd8 Nd5 21.
Bxh8 Rxd8 22. Qxh7+ Ke8 23. Qxg6+ Kd7 24. Qh6 Qxc2 25. Rc1 Qe2 26. Bf6 Rg8 27.
Bg5 Qb2 28. Rd1 Qxe5 29. Bf6 Qd6 30. h4 Kc8 31. Bg5 Bf7 32. Qh7 Qg6 33. Qxg6
Rxg6 0-1

[Event "Dutch Open 2014"]
[Site "Dieren NED"]
[Date "2014.07.23"]
[Round "2.5"]
[White "Struik, Tjapko"]
[Black "Sengupta, Deep"]
[Result "0-1"]
[BlackTitle "GM"]
[WhiteElo "2292"]
[BlackElo "2533"]
[WhiteFideId "1011243"]
[BlackFideId "5008352"]
[EventDate "2014.07.22"]

1. d4 Nf6 2. c4 e6 3. Nf3 d5 4. Nc3 dxc4 5. e3 a6 6. Bxc4 c5 7. O-O b5 8. Bb3
Bb7 9. Re1 Nbd7 10. e4 cxd4 11. Nxd4 Nc5 12. e5 Nxb3 13. axb3 Nd5 14. Ne4 Qb6
15. Qg4 O-O-O 16. Bg5 Rd7 17. Nd6+ Bxd6 18. exd6 h5 19. Rec1+ Kb8 20. Qe4 Qxd6
21. Nxb5 axb5 22. Qd4 Rc7 23. Rxc7 Qxc7 24. Qxg7 Re8 25. Qh7 f6 26. Qxh5 Rg8 27.
Bd2 Rxg2+ 28. Kf1 Rxh2 29. Qe8+ Qc8 0-1

[Event "Dutch Open 2014"]
[Site "Dieren NED"]
[Date "2014.07.23"]
[Round "2.6"]
[White "Zwirs, Nico"]
[Black "Pruijssers, Roeland"]
[Result "0-1"]
[BlackTitle "GM"]
[WhiteElo "2284"]
[BlackElo "2517"]
[WhiteFideId "1036432"]
[BlackFideId "1013068"]
[EventDate "2014.07.22"]

1. e4 e5 2. Nf3 Nc6 3. Bc4 Nf6 4. d3 Be7 5. O-O O-O 6. h3 d6 7. a4 Na5 8. Ba2 c5
9. c3 Nc6 10. Re1 Be6 11. Nbd2 h6 12. Nf1 Qd7 13. Ng3 Rad8 14. Bd2 d5 15. exd5
Bxd5 16. Bb1 c4 17. d4 exd4 18. Nxd4 Nxd4 19. cxd4 Rfe8 20. Nh5 Nxh5 21. Qxh5
Bf6 22. Rxe8+ Rxe8 23. Be3 Qc6 24. Qg4 c3 25. Bd3 cxb2 26. Rb1 Qc3 27. Qf5 Bxd4
28. Qd7 Qxd3 29. Qxe8+ Kh7 30. Bxd4 Qxb1+ 31. Kh2 Qg6 32. Bxb2 Qxg2# 0-1

[Event "Dutch Open 2014"]
[Site "Dieren NED"]
[Date "2014.07.23"]
[Round "2.7"]
[White "Van Foreest, Jorden"]
[Black "Chalmeta Ugas, Ramon"]
[Result "1-0"]
[WhiteTitle "FM"]
[BlackTitle "FM"]
[WhiteElo "2461"]
[BlackElo "2292"]
[WhiteFideId "1039784"]
[BlackFideId "2256339"]
[EventDate "2014.07.22"]

1. e4 c5 2. Nf3 e6 3. d4 cxd4 4. Nxd4 Nc6 5. Nc3 Qc7 6. Be3 a6 7. Qd2 Nf6 8.
O-O-O Bb4 9. f3 d5 10. a3 Bxc3 11. Qxc3 dxe4 12. Nxc6 Qxc6 13. Qe5 exf3 14. gxf3
Qxf3 15. Bc5 Qf5 16. Qd4 Qd5 17. Qg1 Qf5 18. Bd3 Qg4 19. Qf2 Bd7 20. Kb1 Bc6 21.
Rhg1 Qf3 22. Qd4 Rd8 23. Qc3 Qh5 24. Rdf1 Qh6 25. Bd4 Nd5 26. Qe1 Rg8 27. Qg3 g6
28. Qe5 Qf8 29. c4 Ne7 30. Bc2 Nf5 31. Bxf5 gxf5 32. Bc5 Be4+ 33. Ka2 Rxg1 34.
Rxg1 Rd5 35. cxd5 Qxc5 36. Rg8+ Ke7 37. d6+ 1-0

[Event "Dutch Open 2014"]
[Site "Dieren NED"]
[Date "2014.07.23"]
[Round "2.8"]
[White "Wilgenhof, Otto"]
[Black "Das, Arghyadip"]
[Result "0-1"]
[BlackTitle "IM"]
[WhiteElo "2217"]
[BlackElo "2439"]
[WhiteFideId "1002589"]
[BlackFideId "5003610"]
[EventDate "2014.07.22"]

1. d4 c5 2. d5 d6 3. a4 g6 4. c4 Bg7 5. e4 Nf6 6. Nc3 O-O 7. Be2 e6 8. h3 exd5
9. exd5 Na6 10. Nf3 Bf5 11. g4 Be4 12. O-O Bxf3 13. Bxf3 Nd7 14. Ne4 h6 15. Nxd6
Ne5 16. Ne4 Nxc4 17. Be2 Nd6 18. Bxa6 Nxe4 19. Bxb7 Rb8 20. Bc6 Qh4 21. Qf3 f5
22. d6 Nxd6 23. Bf4 Rbd8 24. Qd5+ Nf7 25. Qxc5 Bd4 26. Qc4 Qxh3 27. Qe2 g5 28.
Be3 Be5 29. f3 Rd6 30. Rac1 Rb8 31. Bb5 a6 32. Bc4 Rxb2 33. Rc2 Rxc2 34. Qxc2
Qg3+ 35. Kh1 Kg7 36. Bxf7 Kxf7 37. Qxf5+ Kg7 38. Qc2 Rd3 39. Bb6 Rxf3 40. Rxf3
Qxf3+ 41. Qg2 Qd1+ 42. Bg1 Qb3 43. Bf2 Qb1+ 44. Bg1 Bd4 45. Kh2 Qxg1+ 46. Qxg1
Bxg1+ 47. Kxg1 Kf6 48. Kf2 Ke5 49. Ke3 a5 50. Kf3 Kd4 0-1

[Event "Dutch Open 2014"]
[Site "Dieren NED"]
[Date "2014.07.23"]
[Round "2.9"]
[White "Goudriaan, Etienne"]
[Black "Beerdsen, Thomas"]
[Result "1-0"]
[WhiteTitle "IM"]
[WhiteElo "2401"]
[BlackElo "2260"]
[WhiteFideId "1021150"]
[BlackFideId "1030108"]
[EventDate "2014.07.22"]

1. d4 Nf6 2. c4 g6 3. Nc3 d5 4. cxd5 Nxd5 5. Bd2 Bg7 6. e4 Nb6 7. Be3 O-O 8. h3
f5 9. exf5 Bxf5 10. Qb3+ Kh8 11. Nf3 Nc6 12. d5 Ne5 13. Nxe5 Bxe5 14. g4 Bd7 15.
Bg2 c6 16. O-O cxd5 17. Nxd5 Ba4 18. Bxb6 Bxb3 19. Bxd8 Bxd5 20. Bxe7 Bxg2 21.
Kxg2 Bxb2 22. Rab1 Rf7 23. Rfe1 Bd4 24. Re4 Bb6 25. Rb2 Kg8 26. Bb4 Rc8 27. a4
a5 28. Bd6 Rc6 29. Re8+ Kg7 30. Be5+ Kh6 31. f4 Be3 32. Rb5 Bxf4 33. Bxf4+ Rxf4
34. Rg8 Rxa4 35. Rh5+ gxh5 36. g5# 1-0

[Event "Dutch Open 2014"]
[Site "Dieren NED"]
[Date "2014.07.23"]
[Round "2.10"]
[White "Lecomte, Robin"]
[Black "Stany, G.A."]
[Result "0-1"]
[BlackTitle "IM"]
[WhiteElo "2056"]
[BlackElo "2399"]
[WhiteFideId "1037170"]
[BlackFideId "5029104"]
[EventDate "2014.07.22"]

1. d4 Nf6 2. Nf3 b6 3. g3 Bb7 4. Bg2 c5 5. c3 e6 6. O-O d5 7. Ne5 Nc6 8. Bg5 Be7
9. Nxc6 Bxc6 10. dxc5 bxc5 11. c4 Qd7 12. cxd5 exd5 13. Qc2 O-O 14. Rd1 Rfd8 15.
Nc3 Qe6 16. Bxf6 Bxf6 17. e4 d4 18. Nd5 Bxd5 19. exd5 Qb6 20. Rac1 Rac8 21. b3
Bg5 22. f4 Be7 23. Qc4 Rb8 24. Qa4 h5 25. h4 Qf6 26. Rd2 Bd6 27. Qc4 a5 28. Qe2
Qg6 29. Qd3 Qf6 30. Qf3 g6 31. Bf1 Re8 32. Re2 Kf8 33. Rce1 Rxe2 34. Qxe2 a4 35.
Qf3 axb3 36. axb3 Qf5 37. Bc4 Qc2 38. Qe2 Qc3 39. Kg2 Kg7 40. Qf2 Ra8 41. Re2
Ra1 42. Rc2 Qb4 43. Ra2 Rd1 44. Qc2 Qe1 45. Kh3 Qh1+ 46. Qh2 Qe4 47. Re2 Qf5+
48. Kg2 d3 49. Ra2 Qe4+ 50. Kf2 d2 51. Qh3 Re1 0-1

[Event "Dutch Open 2014"]
[Site "Dieren NED"]
[Date "2014.07.23"]
[Round "2.11"]
[White "Pijpers, Arthur"]
[Black "Offringa, Joost"]
[Result "1-0"]
[WhiteElo "2371"]
[BlackElo "2241"]
[WhiteFideId "1019554"]
[BlackFideId "1025880"]
[EventDate "2014.07.22"]

1. e4 e5 2. Nf3 Nf6 3. Nxe5 d6 4. Nf3 Nxe4 5. d4 d5 6. Bd3 Nc6 7. O-O Be7 8. Re1
Bg4 9. c4 Nxd4 10. Bxe4 dxe4 11. Qxd4 f5 12. Qxd8+ Rxd8 13. Ng5 Rd3 14. Nc3 1-0

[Event "Dutch Open 2014"]
[Site "Dieren NED"]
[Date "2014.07.23"]
[Round "2.12"]
[White "Schoppen, Casper"]
[Black "Wiersma, Eelke"]
[Result "0-1"]
[BlackTitle "IM"]
[WhiteElo "1938"]
[BlackElo "2354"]
[WhiteFideId "1046730"]
[BlackFideId "1002864"]
[EventDate "2014.07.22"]

1. d4 Nf6 2. c4 g6 3. Nc3 Bg7 4. g3 O-O 5. Bg2 d6 6. Nf3 c6 7. O-O Nbd7 8. b3 a6
9. e4 e5 10. Bb2 b5 11. Qe2 exd4 12. Nxd4 Bb7 13. Rad1 Re8 14. Qc2 b4 15. Na4 c5
16. Ne2 Bxe4 17. Bxe4 Rxe4 18. Bxf6 Nxf6 19. Nxc5 Re7 20. Nd3 Qb6 21. Nef4 g5
22. Ng2 Ne4 23. Ne3 Nc3 24. Rde1 Rae8 25. Nf5 Re2 26. Qc1 Bf6 27. h4 Nxa2 28.
Qd2 Nc3 29. hxg5 R8e4 30. Rxe2 Nxe2+ 31. Kh2 Bc3 32. Qd1 d5 33. f3 Re8 34. Rf2
Nd4 35. Nh6+ Kf8 36. cxd5 Qd6 37. Nf4 Qe5 38. Qd3 Qxg5 39. Qxh7 Qg7 40. Qxg7+
Kxg7 41. Ng4 a5 42. Ra2 Nxb3 43. Nf2 Bd4 44. Ne4 Bb6 45. d6 Nd4 46. Kg2 b3 47.
Ra1 Nc2 48. Rb1 Ne3+ 49. Kf2 a4 50. Ke2 Nf5 51. d7 Rd8 52. Nd5 Bd4 53. Kd3 Rxd7
54. Kc4 b2 55. Nec3 a3 56. Kb3 Bxc3 57. Nxc3 Rd3 58. Rg1 Rxf3 59. Re1 Rxg3 60.
Rf1 Ne3 61. Re1 Nd5 62. Kxa3 Nxc3 63. Kxb2 Nd5 64. Re5 Nf6 0-1

[Event "Dutch Open 2014"]
[Site "Dieren NED"]
[Date "2014.07.23"]
[Round "2.13"]
[White "De Jong, Migchiel"]
[Black "Buckels, Valentin"]
[Result "0-1"]
[WhiteTitle "IM"]
[WhiteElo "2345"]
[BlackElo "2100"]
[WhiteFideId "1002848"]
[BlackFideId "12942766"]
[EventDate "2014.07.22"]

1. e4 e5 2. Nf3 Nc6 3. Bb5 a6 4. Ba4 Nf6 5. O-O Be7 6. Re1 b5 7. Bb3 O-O 8. a4
b4 9. d4 d6 10. dxe5 dxe5 11. Nbd2 Bc5 12. h3 h6 13. a5 Qe7 14. Bc4 Bb7 15. Nb3
Rfd8 16. Qe2 Nd4 17. Nfxd4 Bxd4 18. Nxd4 Rxd4 19. f3 Qc5 20. Bb3 Rd2+ 21. Qe3
Qxe3+ 22. Rxe3 Rd6 23. Re1 Nd7 24. Be3 Bc6 25. Red1 Kf8 26. Rxd6 cxd6 27. Bc4
Nc5 28. Rd1 Ke7 29. b3 f6 30. Kf2 Rb8 31. Ra1 Ra8 32. Ke1 Bd7 33. Rd1 Be6 34.
Bxe6 Nxe6 35. Bb6 Rc8 36. Rd2 Nc7 37. Rd3 Nb5 38. Kd2 Na3 39. c4 bxc3+ 40. Kc1
Nb5 41. Bf2 Ke6 42. g4 g6 43. Be3 g5 44. Rd5 c2 45. Rd3 Rc6 46. Kb2 Rc8 47. Kc1
Rc6 48. Kb2 Nd4 49. Rc3 Rxc3 50. Kxc3 Nxf3 51. Kxc2 Kd7 52. Kd3 Nh4 53. b4 Ng2
54. b5 axb5 55. a6 Kc6 56. a7 Kb7 57. Bb6 Nf4+ 58. Kc3 d5 59. Kd2 dxe4 60. Bc5
Nd5 61. Kc2 b4 62. Kb3 e3 63. Kc4 e2 64. Bf2 Nf4 0-1

[Event "Dutch Open 2014"]
[Site "Dieren NED"]
[Date "2014.07.23"]
[Round "2.14"]
[White "Hausrath, Daniel"]
[Black "Bollen, Guus"]
[Result "1-0"]
[WhiteTitle "GM"]
[WhiteElo "2526"]
[BlackElo "2011"]
[WhiteFideId "4617495"]
[BlackFideId "1027883"]
[EventDate "2014.07.22"]

1. Nf3 c5 2. b3 Nf6 3. Bb2 Nc6 4. e3 d6 5. d4 Bg4 6. d5 Nb4 7. Nc3 Qa5 8. Bb5+
Kd8 9. Bc4 b5 10. a3 Nxc2+ 11. Qxc2 bxc4 12. bxc4 g6 13. Ng5 Ke8 14. O-O Bg7 15.
Nce4 Bf5 16. Nxf6+ Bxf6 17. e4 Bc8 18. Bxf6 exf6 19. Qb2 Ke7 20. e5 dxe5 21. Ne4
Ba6 22. d6+ Ke6 23. f4 Rab8 24. Qf2 f5 25. fxe5 Rhc8 26. Qh4 1-0

[Event "Dutch Open 2014"]
[Site "Dieren NED"]
[Date "2014.07.23"]
[Round "2.15"]
[White "Afek, Yochanan"]
[Black "Kollen, Zyon"]
[Result "0-1"]
[WhiteTitle "IM"]
[WhiteElo "2298"]
[BlackElo "2196"]
[WhiteFideId "2800462"]
[BlackFideId "1024256"]
[EventDate "2014.07.22"]

1. Nf3 Nf6 2. c4 c6 3. g3 d5 4. cxd5 cxd5 5. Bg2 Nc6 6. d4 e6 7. O-O Be7 8. Nc3
O-O 9. Ne5 Qb6 10. Nxc6 bxc6 11. b3 Ba6 12. Bf4 Qa5 13. Qc2 c5 14. Bd2 Qc7 15.
Na4 Rfc8 16. Rfc1 c4 17. b4 Bb5 18. Nc5 a5 19. a4 Be8 20. b5 Bxc5 21. dxc5 Qxc5
22. e3 Nd7 23. Bc3 Qa7 24. Bd4 Qb7 25. f4 f6 26. Rd1 Bg6 27. Qb2 Nc5 28. Bxc5
Rxc5 29. Qd4 Rac8 30. Qc3 Qb6 31. h4 Bd3 32. Kh2 Re8 33. Rac1 Rcc8 34. Qd4 Qxd4
35. exd4 Bg6 36. Rc3 Rb8 37. Re1 Kf7 38. g4 Bd3 39. Kg3 Red8 40. Rcc1 h6 41. Re3
g6 42. Kf2 Ke7 43. Ke1 Kd6 44. Kd2 h5 45. Rce1 Re8 46. gxh5 gxh5 47. Bh3 Be4 48.
Rg1 e5 49. fxe5+ fxe5 50. Kc3 Rg8 51. Rg5 Rxg5 52. hxg5 Rf8 53. g6 Bxg6 54. Kd2
Be4 55. dxe5+ Kxe5 56. Rg3 Kd4 57. b6 Rb8 0-1

[Event "Dutch Open 2014"]
[Site "Dieren NED"]
[Date "2014.07.23"]
[Round "2.16"]
[White "Beukema, Stefan"]
[Black "Evengroen, Henk-Jan"]
[Result "1/2-1/2"]
[WhiteTitle "FM"]
[WhiteElo "2305"]
[BlackElo "2095"]
[WhiteFideId "1024523"]
[BlackFideId "1019252"]
[EventDate "2014.07.22"]

1. e4 e5 2. Nf3 Nc6 3. Bb5 a6 4. Ba4 Nf6 5. O-O Be7 6. d3 b5 7. Bb3 O-O 8. a4
Bb7 9. c3 d5 10. Qe2 d4 11. Na3 Nd7 12. Bd5 Na5 13. Bxb7 Nxb7 14. cxd4 exd4 15.
Nxd4 Ne5 16. Be3 Bxa3 17. bxa3 c5 18. Nf5 Qxd3 19. Qh5 Ng6 20. Rfe1 Qd7 21. Rad1
Qc7 22. Qe2 Qc6 23. Qb2 f6 24. axb5 axb5 25. Rb1 Qxe4 26. Nxg7 Nh4 27. f3 Qg6
28. Ne6 Nxf3+ 29. Kh1 Nxe1 30. Nxf8 Qc2 31. Nd7 Qxb2 32. Rxb2 Rxa3 33. Rxb5 Ra1
34. g4 Nd3+ 35. Kg2 Nd6 36. Rb8+ Kf7 37. Nxc5 Nxc5 38. Bxc5 Ne4 39. Rb7+ Kg6 40.
Bf8 Ra2+ 41. Kf3 Ng5+ 42. Kg3 Ne6 43. Bd6 1/2-1/2

[Event "Dutch Open 2014"]
[Site "Dieren NED"]
[Date "2014.07.23"]
[Round "2.17"]
[White "Sparenberg, Erik"]
[Black "Mostertman, Milan"]
[Result "1-0"]
[BlackTitle "FM"]
[WhiteElo "2119"]
[BlackElo "2284"]
[WhiteFideId "1013262"]
[BlackFideId "1025848"]
[EventDate "2014.07.22"]

1. e4 c5 2. Nf3 d6 3. d4 cxd4 4. Nxd4 Nf6 5. Nc3 g6 6. Be3 Bg7 7. f3 Nc6 8. Qd2
O-O 9. g4 Nxd4 10. Bxd4 Be6 11. O-O-O Qa5 12. Kb1 Rfc8 13. a3 Rab8 14. Rg1 b5
15. Bxf6 exf6 16. Nd5 Qd8 17. f4 Bxd5 18. Qxd5 Bh6 19. g5 Bg7 20. Qxd6 Qe8 21.
gxf6 Rd8 22. Bxb5 Rxd6 23. Bxe8 Rxd1+ 24. Rxd1 Bxf6 25. e5 Be7 26. Ba4 Bxa3 27.
Bb3 Bc5 28. f5 g5 29. e6 fxe6 30. fxe6 Re8 31. Rd5 Be3 32. Rf5 Kg7 33. Rf7+ Kg6
34. Bd5 h6 35. h3 Kh5 36. Rf6 g4 37. hxg4+ Kxg4 38. c3 h5 39. Kc2 h4 40. Kd3 Bg5
41. Rf7 Re7 42. b4 h3 43. c4 h2 44. c5 Re8 45. Rxa7 Rd8 46. Rd7 Kf5 47. Rxd8
Bxd8 48. Kc4 h1=Q 49. Bxh1 Kxe6 50. b5 Kd7 51. Bf3 Kc8 52. b6 Bg5 53. c6 Bd8 54.
Bg4+ Kb8 55. Kb5 Ka8 56. c7 Kb7 57. Bf3+ Kc8 58. Kc6 Bxc7 59. Bg4+ Kb8 60. bxc7+
Ka7 61. c8=R Ka6 62. Ra8# 1-0

[Event "Dutch Open 2014"]
[Site "Dieren NED"]
[Date "2014.07.23"]
[Round "2.18"]
[White "Heemskerk, Wim"]
[Black "Losekoot, Pascal"]
[Result "0-1"]
[WhiteTitle "FM"]
[WhiteElo "2247"]
[BlackElo "2114"]
[WhiteFideId "1001000"]
[BlackFideId "1012410"]
[EventDate "2014.07.22"]

1. Nf3 d5 2. g3 Nf6 3. Bg2 e6 4. O-O Be7 5. c4 O-O 6. b3 c6 7. Bb2 Nbd7 8. d3 b6
9. Nbd2 Bb7 10. Qc2 Rc8 11. Rac1 c5 12. e3 Qc7 13. Qb1 Qb8 14. Qa1 Rfd8 15. Rfd1
Qa8 16. cxd5 exd5 17. d4 c4 18. Ne5 b5 19. Bh3 Rc7 20. Ndf3 Nxe5 21. dxe5 Ne4
22. e6 f6 23. bxc4 dxc4 24. Rxd8+ Qxd8 25. Rd1 Qc8 26. Nd4 c3 27. Ba3 Ng5 28.
Bg4 Bxa3 29. e7 Qe8 30. Nxb5 Qxb5 31. Qb1 Bc6 32. Qxb5 Bxb5 33. Bd7 Bxe7 0-1

[Event "Dutch Open 2014"]
[Site "Dieren NED"]
[Date "2014.07.23"]
[Round "2.19"]
[White "Maatman, Nick"]
[Black "Gouw, Carol-Peter"]
[Result "1-0"]
[WhiteElo "2211"]
[BlackElo "2110"]
[WhiteFideId "1040391"]
[BlackFideId "1007629"]
[EventDate "2014.07.22"]

1. e4 d6 2. d4 Nf6 3. Nc3 g6 4. f4 Bg7 5. Nf3 c5 6. dxc5 Qa5 7. Qd4 Nc6 8. Bb5
O-O 9. Qa4 Qc7 10. cxd6 exd6 11. O-O a6 12. Bxc6 bxc6 13. Kh1 Bd7 14. Qc4 Rfe8
15. Ng5 Be6 16. Nxe6 fxe6 17. e5 d5 18. Qe2 Nd7 19. Na4 c5 20. c4 d4 21. Qe4 Nb6
22. Nxb6 Qxb6 23. h4 Rad8 24. b3 Qa5 25. Qd3 Qc3 26. Qxc3 dxc3 27. Be3 Bf8 28.
Rad1 Be7 29. g3 a5 30. Kg2 a4 31. Rxd8 Rxd8 32. Rc1 axb3 33. axb3 Rd3 34. Kf3 c2
35. Rxc2 Rxb3 36. Ke4 h5 37. Kf3 Kf7 38. Ke2 Ra3 39. Kd2 Rb3 40. Ra2 Ke8 41. Rc2
Ra3 42. Rc3 Ra2+ 43. Ke1 Bd8 44. Kf1 Be7 45. Bf2 Kd7 46. Kg2 Kc6 47. Kf3 Rb2 48.
Ra3 Rb4 49. Ra7 Bd8 50. Rg7 Rxc4 51. Rxg6 Kd5 52. Rg7 Rc3+ 53. Be3 Bb6 54. Rd7+
Kc4 55. f5 1-0